[Event "FIN-chT 2324"]
[Site "Finland"]
[Date "2023.09.24"]
[Round "2.8"]
[White "Issakainen, Ari"]
[Black "Saaskilahti, Lauri"]
[Result "1-0"]
[WhiteElo "2148"]
[BlackElo "1944"]
[PlyCount "107"]
[EventDate "2023.09.23"]
[EventType "team-tourn"]
[EventRounds "12"]
[EventCountry "FIN"]
[SourceTitle "EXT 2024"]
[Source "ChessBase"]
[SourceDate "2023.10.10"]
[SourceVersion "1"]
[SourceVersionDate "2023.10.10"]
[SourceQuality "1"]
[WhiteTeam "Helsinki Aatos"]
[BlackTeam "Espoo MatSK II"]
[WhiteTeamCountry "FIN"]
[BlackTeamCountry "FIN"]

1. d4 e6 2. c4 Nf6 3. Nc3 c5 4. d5 exd5 5. cxd5 d6 6. e4 g6 7. h3 Bg7 8. Nf3 0-0 9. Bd3 Nh5 10. 0-0 a6 11. a4 Nd7 12. g4 Nhf6 13. Bf4 Qe7 14. Re1 Ne5 15. Nxe5 dxe5 16. Be3 b6 17. Bf1 Ne8 18. a5 b5 19. d6 Nxd6 20. Bxc5 Rd8 21. Nd5 Qh4 22. Re3 Bb7 23. Bb6 Nxe4 24. Rd3 Bxd5 25. Rxd5 Re8 26. Bg2 Ng5 27. Qb3 Rac8 28. Rad1 Ne6 29. Rd7 Re7 30. Qd5 Nf4 31. Qb7 Rce8 32. Rxe7 Qxe7 33. Qxe7 Rxe7 34. Rd8+ Bf8 35. Bc5 Kg7 36. Bxe7 Bxe7 37. Ra8 Nd3 38. Rxa6 Bc5 39. Bf1 Nxf2 40. Kg2 Nd1 41. Bxb5 Nxb2 42. Rc6 Bd4 43. Kf3 Nd1 44. a6 Nf2 45. Rc7 Nxh3 46. a7 Ng5+ 47. Ke2 Ne6 48. Rxf7+ Kxf7 49. a8Q h5 50. Bc4 Ke7 51. Qb7+ Kf6 52. Qc6 hxg4 53. Qxe6+ Kg5 54. Bd3 1-0